|
|
|
|
| LEADER |
00000cam a2200000 a 4500 |
| 001 |
vtls008383911 |
| 003 |
SK-MaSNL |
| 005 |
20260311143934.0 |
| 008 |
260209s1935 xr drp 000 0 slo |
| 015 |
|
|
|a SNBA19191938-006782
|
| 020 |
|
|
|q (brožované)
|
| 035 |
|
|
|a SK01SNKBSKHR20010076128
|
| 035 |
|
|
|a 7AAA0B72-CDC7-4E8C-9F23-903752B151C2
|
| 035 |
|
|
|a urn:nbn:sk:snk-am00ichb
|
| 035 |
|
|
|a SKM000078591
|
| 040 |
|
|
|a SNK
|b slo
|c SNK
|e AACR2
|
| 041 |
1 |
|
|a slo
|h cze
|
| 043 |
|
|
|a e-cs---
|
| 044 |
|
|
|a xr
|c CZ
|
| 072 |
|
7 |
|a 91
|x Geografia ako veda. Výskum. Cestovanie
|2 konspekt
|
| 072 |
|
7 |
|a 37.016
|x Učebné osnovy. Vyučovacie predmety. Učebnice
|2 konspekt
|
| 080 |
|
|
|a 91(075)
|2 1997
|
| 080 |
|
|
|a 373(075)
|2 1997
|
| 080 |
|
|
|a 91
|2 2011
|
| 080 |
|
|
|a (075.3)
|2 2011
|
| 080 |
|
|
|a (437)
|2 2011
|
| 100 |
1 |
|
|a Machát, František,
|d 1876-1935
|4 aut
|9 104976
|
| 245 |
1 |
0 |
|a Zemepis pre IV. triedu stredných škôl
|b zemepis pre nižšie triedy stredných škôl : so 44 obrázkami
|n Diel IV. : učebnica zemepisu pre IV. triedu
|c napísali František Machát, Jozef Růžička ; pre slovenské stredné školy upravil Otakar Formánek
|
| 260 |
|
|
|a V Prahe
|b V. Neubert a synovia
|c 1935
|e Praha
|f V. Neubert a synovia
|
| 300 |
|
|
|a 99 strán
|c 22 cm
|
| 500 |
|
|
|a Obsahuje zoznam obrázkových príloh
|
| 500 |
|
|
|a Rozložená titulná strana
|
| 500 |
|
|
|a Obsahuje poznámky
|
| 650 |
0 |
7 |
|a geografia
|2 SNKPH
|9 823
|
| 651 |
|
7 |
|a Československo
|2 SNKPHgeo
|9 21376
|
| 655 |
|
7 |
|a učebnice stredných škôl
|2 SNKPH
|9 69323
|
| 700 |
1 |
|
|a Růžička, Josef,
|d 1880-1954
|4 aut
|9 153131
|
| 700 |
1 |
|
|a Formánek, Otakar
|4 trl
|9 430985
|
| 752 |
|
|
|a Česko
|d Praha
|
| 852 |
|
|
|a Slovenská národná knižnica
|
| 954 |
|
|
|a odborná, vedecká literatúra cudzojazyčná (svetová)
|2 lita
|
| 958 |
|
|
|a EUIPO
|
| 958 |
|
|
|a RK
|
| 958 |
|
|
|a TL
|
| 958 |
|
|
|a OND
|
| 958 |
|
|
|a OP
|
| 968 |
|
|
|b ČES
|
| 999 |
|
|
|c 1079790
|d 1081720
|
| 952 |
|
|
|a SNK
|b SNK
|y PREZ
|7 0
|p 17A0882433
|o snkSC 18372
|i snkF 9069/63
|8 5
|0 0
|1 0
|4 0
|d 2021-11-11
|f 1
|l 0
|r 2025-07-25 00:00:00
|w 2026-02-24
|